000
00249nam a22001097a 4500
020
_a
9781465408693
100
_a
Elizabeth Dowsett
245
_a
Revenge of the Sith
260
_a
USA
_b
Dorling Kindersley
_c
2013
490
_a
Star Wars
942
_c
BK
999
_c
262985
_d
262984